| 000 | 00787pam a2200229 a 4500 | ||
|---|---|---|---|
| 999 |
_c219626 _d219626 |
||
| 001 | 2386179 | ||
| 003 | ASAB | ||
| 005 | 20170215152157.0 | ||
| 008 | 850404s1986 nyuaf b 001 0 eng | ||
| 010 | _a 85008821 | ||
| 020 | _a81-219-2153-8 | ||
| 040 |
_aDLC _cASAB _dDLC |
||
| 050 | 0 | 0 |
_aQR41.2 _b.A83 1986 |
| 082 | 0 | 0 |
_a576 _219 |
| 245 | 1 | 0 |
_apractical microbiology / _cR.C. Dubey |
| 260 |
_aNew Delhi _bS. chand and company _cc2002 |
||
| 300 |
_a397 p. _bill. (some col.) ; _c26 cm. |
||
| 504 | _aIncludes bibliographies and index. | ||
| 650 | 0 | _aMicrobiology. | |
| 906 |
_a7 _bcbc _corignew _d1 _eocip _f19 _gy-gencatlg |
||
| 942 |
_2ddc _cBK |
||